Datum a čas kvízu
25.5
Celkem bodů
Celkový počet nahraných bodů na tomto kvízu bez doplňovacích otázek.
9.
Pořadí na kvízu
Konečné umístění týmu na tomto kvízu.
Zaznamenané odpovědi
| # | Otázka | Odpověď | Body | Výsledky |
|---|---|---|---|---|
| 1. | Která česká politická strana p... | ODS | 1 | |
| 2. | Několika desítkám jedinců jist... | o lachtanech | 1 | |
| 3. | Jak se jmenuje devatenáctiletá... | Olivia Rodrigo | 0 | |
| 4. | Europoslanci vyslyšeli volání... | množství vypuštěných emisí | 0 | |
| 5. | Fotbalisté Slavie Praha po blá... | Feyenoord Rotterdam | 1 | |
| 6. | Jak se jmenuje tento bývalý br... | Sasu Hovi, Finsko | 1 | |
| 7. | Brankář hraje důležitou roli i... | v Irsku | 0 | |
| 8. | Napište jméno jednoho z nejlep... | Martin Galia | 0 | |
| 9. | Český reprezentační florbalový... | Lukáš Bauer | 0 | |
| 10. | Přiřaďte správně jména fotbalo... | 1D 2A 3C 4B | 1 |